Biblioteca

El emperador de los muertos / Freda Carver (Registro nro. 39440)

Detalles MARC
000 -LÍDER
Campo fijo de descripción fija 006650000a22001930004500
041 0# - CÓDIGO DE IDIOMA
Código de idioma para texto/pista de sonido o título separado
082 04 - NÚMERO DE CLASIFICACIÓN DECIMAL DEWEY
Número de clasificación G 306.08 C3316e
001 - NÚMERO DE CONTROL
Campo de control 9426
100 1# - ASIENTO PRINCIPAL--NOMBRE PERSONAL
Nombre personal Carver, Freda
245 10 - TÍTULO
Título del Material El emperador de los muertos / Freda Carver
260 ## - PUBLICACIÓN, DISTRIBUCIÓN, ETC. (PIE DE IMPRENTA)
Lugar de publicación, distribución, etc. Grand Rapids, MI., USA : TSELF
300 ## - DESCRIPCIÓN FÍSICA
Extensión 76 páginas
336 ## - CONTENT TYPE
Content type term texto
Content type code txt
Source rdacontent
337 ## - MEDIA TYPE
Source rdamedia
Media type term sin mediación
Media type code n
338 ## - CARRIER TYPE
Source rdacarrier
Carrier type term volumen
Carrier type code nc
505 00 - NOTA DE CONTENIDO
Nota de contenido con formato preestablecido El emperador de los muertos -- La pirámide del adivino -- El descubrimiento de María de los Ángeles -- Tras los muertos de piedra
650 14 - ASIENTO SECUNDARIO DE MATERIA - TERMINO TEMÁTICO
Término temático o nombre geográfico como elemento de entrada MAYAS \ INDIGENAS - AMÉRICA DEL SUR \ AZTECAS \ COSTUMBRES INDIGENAS
942 ## - TIPO DE MATERIAL (KOHA)
Tipo de Item KOHA Libros General
Existencias
Estado de Material Estado de Perdido Estado de Dañado No para Préstamo Colección Tomo Biblioteca de Origen Biblioteca Permanente Fecha de Adquisición Total de Préstamos Signatura Topográfica Código de Barras Última vez visto Ejemplar/Existencia Fecha de Remplazo Tipo de Material
        Colección General   Biblioteca FUSBC Biblioteca FUSBC 19/01/2005   G 306.08 C3316e 8983 12/12/2019 1 26/01/2016 Libros General
        Colección General   Biblioteca FUSBC Biblioteca FUSBC 19/01/2005   G 306.08 C3316e 8984 12/12/2019 2 26/01/2016 Libros General

Biblioteca FUSBC | Teléfono: (57+4) 349 88 10 Ext. 141| WhatsApp (+57) 3005338115 
E-mail: biblioteca@unisbc.edu.co | Calle 76 87-14 Robledo Palenque, Medellín, Colombia

Con tecnología Koha